000 00297nam a22001337a 4500
008 170315b xxu||||| |||| 00| 0 eng d
020 _a9780805359107
041 _aeng
080 _27 ED
_aSHM
100 _a7
101 _aSHM
245 _aHUMAN ANATOMY PHYSIOLOGY
_cMARIEB,E,N
942 _2udc
_cBK
999 _c7830
_d7830